| 000 | 005640000a22001810004500 | ||
|---|---|---|---|
| 003 | MACL | ||
| 005 | 20160401161328.0 | ||
| 008 | 160401b xxu||||| |||| 00| 0 eng d | ||
| 040 |
_aMACL _cMACL |
||
| 041 | _aHindi | ||
| 082 | _a363 | ||
| 100 |
_aतनेजा पुष्पलता _949773 |
||
| 245 | _aमूक गवाह | ||
| 260 |
_aनई दिल्ली _bविधा विहार _c2010 |
||
| 350 | _a200 | ||
| 650 |
_aसोशल प्रोब्लम एण्ड सर्विस _949774 |
||
| 942 |
_cHIN _k363 _2ddc |
||
| 999 |
_c48117 _d48117 |
||